000 01311nam0a2200349 4500
001 RU\NLR\BIBL_A\011952323
005 20240725115557.0
010 _a978-5-7057-5469-4
_915000
021 _aRU
_bКН-П-19-005824
_9КН-П-19-0428
035 _a(NLR Aleph) 011952323
035 _a(RuMoRGB)009880470
090 _a11155973
_c11155973
100 _a20190305d2019 b y0rusy50 ca
101 0 _arus
102 _aRU
105 _aa|||z|||000gy
200 1 _aВремена года
_e[стихи
_eдля чтения родителями детям]
_f[И. С. Панасюк
_gиллюстрации И. С. Панасюк]
210 _aВолгоград
_cУчитель
_d[2019]
215 _a[11] с.
_cцв. ил.
_d15
225 1 _aФГОС
225 1 _aСерия "Познаем, развиваемся, растем"
300 _aАвт. указан перед вып. дан.
309 _aБез тит. с. Описано по обл.
333 _a0+
686 0 _aШ9(2)60=Р7-5
700 1 _aПанасюк
_bИ. С.
_gИнна Сергеевна
701 1 _aПанасюк
_bИ. С.
_gИнна Сергеевна
_4440
942 _cBOOK
980 _aNB